01266nam a22001937a 450000500170000000800410001702000150005805000140007310000170008724500840010425000170018826000560020530000340026150000200029550506860031565000380100165000110103970000220105020210414113947.0120529t xxu||||| |||| 00| 0 eng d a0852976100 aHF5635.E9 aEdward, J.R. aModern accounting in the financial services. /cDick Edwards and Howard Mellett a5 th edition aUnited Kingdom:bFinancial World Publishing,c2001. axvi, 656 p. :bill. ;c21 cm. aIncludes index. aContents: The Nature and use of accounting statements -- Frameworks for financial reporting -- Form and content of company accounts -- Reporting fixed assets in company accounts -- Reporting other assets and liabilities in company accounts -- Group accounts -- Capital reduction, reorganization and reconstruction -- Share and business valuation -- Interpretation of accounts: traditional ratio analysis -- Interpretation of accounts: cash flow -- Business decision making: cost behaviour -- Business decision making: investment appraisal -- Forecasts and budgets -- Appendix A : Solutions to chapter-end questions -- Appendix B : Table of factors for the present value of 1 pound. aBanks and banking x Accounting.  aBank.  aMellett, Howard.